000 00251nam a2200097Ia 4500
008 220216s9999 xx 000 0 und d
245 0 _aNatural rubber: Longer-range prospects for supply
260 _bRubber Trends
_c1995
300 _a21-29
942 _cJS
999 _c63677
_d63677